Manual de organización financiera
Guardat en:
| Autors principals: | , |
|---|---|
| Format: | Llibre |
| Idioma: | espanyol |
| Publicat: |
Buenos Aires
Selección Contable
1946
|
| Matèries: | |
| Etiquetes: |
Afegir etiqueta
Sense etiquetes, Sigues el primer a etiquetar aquest registre!
|
MARC
| LEADER | 00000nam a2200000 a 4500 | ||
|---|---|---|---|
| 001 | UCR8699 | ||
| 003 | CL-VaPUC | ||
| 008 | 980529e19460000AG |||||||||||||||||spa|d | ||
| 082 | 0 | 4 | |a 658.151 |b DON |2 21 |
| 100 | 0 | |a Donald, W. J |e author |9 410790 | |
| 700 | 0 | |a Powel, Leona |e author |9 410791 | |
| 245 | 1 | 0 | |a Manual de organización financiera |
| 300 | |a v | ||
| 942 | |c BK | ||
| 945 | |d 19980529 00:00:00 |a crobeson | ||
| 260 | |a Buenos Aires |b Selección Contable |c 1946 | ||
| 650 | 0 | |a Administración financiera |9 261146 | |
| 650 | 7 | |a ORGANIZACION FINANCIERA |2 CL-VaPUC |9 410792 | |
| 650 | 0 | |a Empresa |9 350507 | |
| 650 | 7 | |a FINANCIEMIENTO |2 CL-VaPUC |9 410793 | |
| 650 | 7 | |a PRESTAMOS |2 CL-VaPUC |9 359045 | |
| 650 | 7 | |a COMPAÑIAS CONSOLIDADAS |2 CL-VaPUC |9 410794 | |
| 650 | 7 | |a SEGUROS |2 CL-VaPUC |9 410795 | |
| 583 | |a last modification |c 19980529 00:00:00 |k Rodrigo Vera | ||
| 999 | |c 270095 |d 270093 | ||
| 952 | |0 0 |1 0 |4 0 |6 658_151000000000000_DON_1946 |7 0 |8 A |9 304215 |a BIBGIM |b BIBGIM |d 2019-11-20 |h v.2 |i 1405403 |o 658.151 DON 1946 |p 1405403 |r 2025-01-15 |w 2019-11-20 |y BK |k COM | ||